| 000 | 00453nam a2200181Ia 4500 | ||
|---|---|---|---|
| 008 | 230711s9999||||xx |||||||||||||| ||und|| | ||
| 020 | _a978-81-312-1788-7 | ||
| 041 | _aENG | ||
| 082 |
_a615.4082 _bBE-P |
||
| 100 | _aBean,H.S | ||
| 245 | 0 | _aAdvances in pharmaceutical sciences V-2 | |
| 250 | _a1st Ed. | ||
| 260 |
_c2009 _aNew Delhi _bElsevier Science Publishers |
||
| 300 | _a329p. | ||
| 650 | _aPharmacy | ||
| 700 | _aBeckett, A. H | ||
| 942 | _cBK | ||
| 999 |
_c7082 _d7082 |
||